[Event "40th Trust Open A-Grade"]
[Site "Waitakere, NZL NZL"]
[Date "2017.06.03"]
[Round "1"]
[White "Ker, Anthony F"]
[Black "Macdonald, Paul"]
[Result "1/2-1/2"]
[WhiteElo "2474"]
[BlackElo "2059"]
[PlyCount "104"]
[EventDate "2017.06.03"]

1. e4 d6 2. d4 Nf6 3. Nc3 g6 4. Bg5 Bg7 5. Qd2 h6 6. Bf4 g5 7. Bg3 Nh5 8. Nge2
e6 9. O-O-O Nc6 10. Qe3 Qe7 11. f3 Nxg3 12. Nxg3 Rg8 13. Bb5 Bd7 14. Nh5 Bh8
15. Rhe1 a6 16. Bxc6 Bxc6 17. Nd5 exd5 18. exd5 Qxe3+ 19. Rxe3+ Kd7 20. dxc6+
bxc6 21. c3 Rae8 22. Rde1 Rxe3 23. Rxe3 f5 24. Re2 f4 25. Kd2 Rg6 26. Kd3 d5
27. g3 fxg3 28. hxg3 Bg7 29. g4 Bf8 30. Ng3 Rf6 31. Ke3 c5 32. Kf2 cxd4 33.
cxd4 c5 34. Kg2 cxd4 35. Rd2 Bc5 36. b4 Ba7 37. Nf5 Kc6 38. a4 Re6 39. Kf1 Rf6
40. Ke2 h5 41. Nxd4+ Bxd4 42. Rxd4 hxg4 43. Rxg4 Rf5 44. Ke3 Kd6 45. Rg1 Ke5
46. Rg4 d4+ 47. Rxd4 Rxf3+ 48. Kxf3 Kxd4 49. b5 axb5 50. axb5 g4+ 51. Kxg4 Kc5
52. b6 Kxb6 1/2-1/2

[Event "40th Trust Open A-Grade"]
[Site "Waitakere, NZL NZL"]
[Date "2017.06.03"]
[Round "1"]
[White "Krstev, Antonio"]
[Black "Hague, Ben"]
[Result "0-1"]
[WhiteElo "2056"]
[BlackElo "2453"]
[PlyCount "62"]
[EventDate "2017.06.03"]

1. d4 Nf6 2. c4 e6 3. Nc3 Bb4 4. f3 c5 5. d5 O-O 6. e4 b5 7. Bg5 h6 8. Bh4 d6
9. Qc2 Re8 10. O-O-O Bxc3 11. Qxc3 Nxe4 12. Bxd8 Nxc3 13. bxc3 Rxd8 14. cxb5
exd5 15. Rxd5 Be6 16. Rd2 a6 17. bxa6 Nxa6 18. Bd3 Nc7 19. Bb1 Nb5 20. Ne2 Ra3
21. Rhd1 Rda8 22. Kb2 Bxa2 23. Bxa2 Rxa2+ 24. Kb3 R2a4 25. Rb1 Na3 26. Ra1 R4a6
27. c4 Nxc4 28. Kxc4 Rxa1 29. Rxd6 R1a2 30. Ng3 Rxg2 31. Kxc5 Rc8+ 0-1

[Event "40th Trust Open A-Grade"]
[Site "Waitakere, NZL NZL"]
[Date "2017.06.03"]
[Round "1"]
[White "Dive, Russell J"]
[Black "Lim, Benjamin U"]
[Result "1-0"]
[WhiteElo "2426"]
[BlackElo "2044"]
[PlyCount "65"]
[EventDate "2017.06.03"]

1. Nf3 c5 2. c4 Nc6 3. Nc3 g6 4. g3 Bg7 5. Bg2 Nf6 6. O-O O-O 7. d4 cxd4 8.
Nxd4 Nxd4 9. Qxd4 d6 10. Qh4 Rb8 11. Bg5 Re8 12. Rac1 Bd7 13. Rfd1 Bc6 14. c5
Bxg2 15. Kxg2 d5 16. e4 d4 17. e5 Qc7 18. Qxd4 Rbd8 19. Qf4 Nh5 20. Qe3 Qxe5
21. Qxe5 Bxe5 22. Rxd8 Rxd8 23. Bxe7 Rd2 24. b4 f5 25. b5 Kf7 26. Bg5 Rd3 27.
c6 bxc6 28. bxc6 a6 29. Na4 Bc7 30. Rb1 Nf6 31. Rb7 Ne8 32. Bf4 Rd4 33. Nc5 1-0

[Event "40th Trust Open A-Grade"]
[Site "Waitakere, NZL NZL"]
[Date "2017.06.03"]
[Round "1"]
[White "Zhang, Jasmine Haomo"]
[Black "Smith, Robert W"]
[Result "0-1"]
[WhiteElo "2029"]
[BlackElo "2348"]
[PlyCount "82"]
[EventDate "2017.06.03"]

1. d4 Nf6 2. c4 d6 3. Nc3 g6 4. e4 Bg7 5. f3 O-O 6. Be3 c5 7. d5 e6 8. Qd2 exd5
9. cxd5 Re8 10. Bd3 a6 11. a4 Nbd7 12. Nge2 Ne5 13. b3 Nxd3+ 14. Qxd3 Bd7 15.
O-O b5 16. Rab1 b4 17. Nd1 a5 18. Nb2 Bc8 19. Nc4 Ba6 20. Bf4 Qc7 21. Qc2 Bf8
22. Nc1 Nd7 23. Nd3 Bxc4 24. Qxc4 Nb6 25. Qb5 Reb8 26. Qxc5 Qxc5+ 27. Nxc5 dxc5
28. Bxb8 Rxb8 29. Rfd1 Bd6 30. Rbc1 Rc8 31. g3 g5 32. Kg2 f6 33. Rd2 c4 34.
Rdc2 c3 35. Kf2 Re8 36. Re2 Kf7 37. Ke1 Nd7 38. Kf2 Nc5 39. Rb1 f5 40. exf5
Nd3+ 41. Kf1 Rxe2 0-1

[Event "40th Trust Open A-Grade"]
[Site "Waitakere, NZL NZL"]
[Date "2017.06.03"]
[Round "1"]
[White "McLaren, Leonard J"]
[Black "Runcan, Daniel-Ioan"]
[Result "1/2-1/2"]
[WhiteElo "2348"]
[BlackElo "1995"]
[PlyCount "81"]
[EventDate "2017.06.03"]

1. e4 c5 2. c3 d5 3. exd5 Qxd5 4. d4 Nf6 5. Be3 Ng4 6. Nf3 Nxe3 7. fxe3 cxd4 8.
exd4 Bg4 9. Nbd2 e6 10. Bc4 Qa5 11. Qb3 Bxf3 12. Nxf3 Qb6 13. Ne5 Qxb3 14. axb3
Bd6 15. O-O Bxe5 16. dxe5 a6 17. Rf4 Nc6 18. Bb5 Rc8 19. Bxc6+ Rxc6 20. Rb4 Rc7
21. Rxa6 bxa6 22. Rb8+ Ke7 23. Rxh8 Rb7 24. b4 Rb5 25. Ra8 Rxe5 26. Ra7+ Kf6
27. Rxa6 Re2 28. b3 Rb2 29. Ra3 Ke5 30. b5 g5 31. c4 f5 32. b6 Kd6 33. c5+ Kc6
34. h3 h5 35. Ra8 Rxb3 36. Re8 Kxc5 37. Rxe6 Kd5 38. Rh6 Ke4 39. Rxh5 Kf4 40.
Kh2 Rxb6 41. g3+ 1/2-1/2

[Event "40th Trust Open A-Grade"]
[Site "Waitakere, NZL NZL"]
[Date "2017.06.03"]
[Round "1"]
[White "Wright, Caleb"]
[Black "Gong, Daniel Hanwen"]
[Result "0-1"]
[WhiteElo "1942"]
[BlackElo "2325"]
[PlyCount "44"]
[EventDate "2017.06.03"]

1. d4 Nf6 2. c4 g6 3. Nc3 Bg7 4. e4 d6 5. f3 O-O 6. Be3 c5 7. Nge2 Nc6 8. Qd2
cxd4 9. Nxd4 Bd7 10. Be2 Nxd4 11. Bxd4 Bc6 12. O-O Nd7 13. Be3 a5 14. b3 Nc5
15. Rab1 e6 16. Rfd1 Be5 17. Bf1 Qh4 18. g3 Qf6 19. Rbc1 Qxf3 20. Be2 Qf6 21.
Bg5 Qh8 22. Be7 Bxc3 0-1

[Event "40th Trust Open A-Grade"]
[Site "Waitakere, NZL NZL"]
[Date "2017.06.03"]
[Round "1"]
[White "Steadman, Michael V R"]
[Black "Nagorski, Alex"]
[Result "1-0"]
[WhiteElo "2309"]
[BlackElo "1924"]
[PlyCount "25"]
[EventDate "2017.06.03"]

1. b4 e5 2. Bb2 Bxb4 3. Bxe5 Nf6 4. Nf3 Nc6 5. Bb2 d5 6. e3 O-O 7. c4 Bg4 8.
Be2 Re8 9. O-O dxc4 10. Bxc4 Ne5 11. Bxe5 Rxe5 12. Bxf7+ Kxf7 13. Nxe5+ 1-0

[Event "40th Trust Open A-Grade"]
[Site "Waitakere, NZL NZL"]
[Date "2017.06.03"]
[Round "1"]
[White "Sarmiento, Noel"]
[Black "Morrell, Gordon"]
[Result "1-0"]
[WhiteElo "1906"]
[BlackElo "2178"]
[PlyCount "59"]
[EventDate "2017.06.03"]

1. c4 g6 2. Nc3 Bg7 3. g3 d6 4. Bg2 Nc6 5. Nf3 e5 6. O-O Bd7 7. d3 Qc8 8. Nd5
Nd8 9. Rb1 c6 10. Nc3 f5 11. Bd2 Nh6 12. b4 O-O 13. b5 Ne6 14. Qc1 Nf7 15. Nh4
Bf6 16. Nf3 g5 17. Qd1 Kg7 18. Ne1 Rh8 19. e3 h5 20. Qf3 h4 21. bxc6 bxc6 22.
Qd1 hxg3 23. fxg3 Nc5 24. Qe2 g4 25. Nc2 Ng5 26. e4 Nh3+ 27. Bxh3 Rxh3 28. exf5
Bxf5 29. Ne4 Be7 30. Nxc5 1-0

[Event "40th Trust Open A-Grade"]
[Site "Waitakere, NZL NZL"]
[Date "2017.06.03"]
[Round "1"]
[White "Fan, Allen Chi Zhou"]
[Black "Shen, Terry"]
[Result "1-0"]
[WhiteElo "2174"]
[BlackElo "1892"]
[PlyCount "83"]
[EventDate "2017.06.03"]

1. Nf3 Nf6 2. c4 g6 3. b4 Bg7 4. Bb2 O-O 5. Nc3 d5 6. Nxd5 Nxd5 7. Bxg7 Kxg7 8.
cxd5 c6 9. dxc6 Nxc6 10. Qb3 Be6 11. Qb2+ f6 12. e3 Qb6 13. a3 Na5 14. Nd4 Bf7
15. Qc3 Nc6 16. Nxc6 Rac8 17. Qd4 Qxc6 18. Qxa7 Rfd8 19. b5 Qc2 20. Rd1 Bb3 21.
Be2 Qc7 22. b6 Qd7 23. Qa5 Bxd1 24. Bxd1 Qd3 25. f4 Rc1 26. Qb4 Kf8 27. Qb2 Rc6
28. Be2 Qd6 29. d4 Rxb6 30. Qa2 Ra8 31. Kf2 Rxa3 32. Qc2 Qe6 33. Qd2 Rbb3 34.
Rc1 Rxe3 35. Rc2 Re4 36. Bf3 Ree3 37. Qc1 Red3 38. Re2 Qd7 39. d5 Rxf3+ 40.
gxf3 Qxd5 $4 41. Qxa3 Qd4+ 42. Kg2 1-0

[Event "40th Trust Open A-Grade"]
[Site "Waitakere, NZL NZL"]
[Date "2017.06.03"]
[Round "1"]
[White "Milligan, Helen"]
[Black "Chen, Meng Boon Marcus"]
[Result "1/2-1/2"]
[WhiteElo "2116"]
[BlackElo "1863"]
[PlyCount "130"]
[EventDate "2017.06.03"]

1. e4 e5 2. Nf3 Nf6 3. Nxe5 d6 4. Nf3 Nxe4 5. d4 d5 6. Bd3 Nc6 7. O-O Be7 8.
Re1 Bg4 9. c3 f5 10. Nbd2 Qd7 11. Qb3 Rb8 12. Bb5 Bxf3 13. Nxf3 O-O 14. c4 Qd6
15. cxd5 Na5 16. Qa4 b6 17. Ne5 Qxd5 18. Nc6 Qd6 19. Nxb8 Rxb8 20. f3 Nf6 21.
Bd2 c6 22. Bd3 c5 23. Bxa5 bxa5 24. Bxf5 Rb4 25. Qxa5 Qxd4+ 26. Kh1 Rb7 27. Qa6
Rc7 28. Rad1 Qf4 29. Be6+ Kh8 30. Qb5 g6 31. Qc4 Qg5 32. Qc3 Kg7 33. Qe5 Qxe5
34. Rxe5 Rb7 35. b3 Kf8 36. Bc4 Ne8 37. Kg1 Nf6 38. g3 Rc7 39. Kf2 Ne8 40. Re6
Ng7 41. Re4 Nf5 42. Rde1 Bf6 43. Re8+ Kg7 44. Rg8+ Kh6 45. Re4 Bd4+ 46. Kg2 Rb7
47. Kh3 Ne3 48. Rh4+ Kg5 49. Bd3 Nd1 50. Be4 Re7 51. Rf8 h5 52. Rg8 Re6 53. Rf4
Kh6 54. Bd5 Nf2+ 55. Kg2 Re2 56. Kf1 Rd2 57. Bf7 Nd3 58. Rxg6+ Kh7 59. Rxd4
cxd4 60. Rd6 Ne5 61. Bxh5 Rxh2 62. Bg4 d3 63. Bf5+ Kg7 64. Bxd3 Rd2 65. Ke1
Nxf3+ 1/2-1/2

[Event "40th Trust Open A-Grade"]
[Site "Waitakere, NZL NZL"]
[Date "2017.06.03"]
[Round "1"]
[White "Guico, Leonides"]
[Black "Qin, Nicole Shu Yu"]
[Result "1-0"]
[WhiteElo "2073"]
[BlackElo "1763"]
[PlyCount "43"]
[EventDate "2017.06.03"]

1. e4 e6 2. d4 d5 3. Nd2 c5 4. Ngf3 Nc6 5. c3 cxd4 6. cxd4 Bb4 7. e5 Nge7 8.
Bd3 Bd7 9. O-O Qb6 10. Nb3 Na5 11. a3 Nxb3 12. Qxb3 Ba5 13. Qd1 Qc7 14. Ng5 h6
15. Qh5 O-O 16. Nh7 f6 17. exf6 Nf5 18. Nxf8 Rxf8 19. fxg7 Rf6 20. Bxf5 exf5
21. Bxh6 Qc6 22. Bg5 1-0

[Event "40th Trust Open A-Grade"]
[Site "Waitakere, NZL NZL"]
[Date "2017.06.03"]
[Round "1"]
[White "Mukkattu, Philip"]
[Black "Goodhue, Nathan"]
[Result "0-1"]
[WhiteElo "1817"]
[BlackElo "2093"]
[PlyCount "122"]
[EventDate "2017.06.03"]

1. d4 e6 2. c4 f5 3. g3 Nf6 4. Bg2 c6 5. Nf3 d5 6. a4 a5 7. c5 b6 8. cxb6 Qxb6
9. O-O Bd6 10. Nc3 O-O 11. Qc2 Na6 12. Bd2 Nb4 13. Qc1 Ba6 14. Bf4 Be7 15. Ng5
c5 16. dxc5 Bxc5 17. Nb5 Bxb5 18. axb5 Rac8 19. Be3 d4 20. Qc4 dxe3 21. Qxe6+
Qxe6 22. Nxe6 exf2+ 23. Kh1 Rfe8 24. Nxc5 Rxc5 25. b6 Ne4 26. Bxe4 fxe4 27.
Rxf2 Rb5 28. Rf4 Nc6 29. Rc1 Rxb6 30. Kg2 Nb4 31. Rf5 Nc6 32. Rc4 h6 33. Rfc5
Re6 34. Kf2 e3+ 35. Kg2 Kh7 36. b3 Ra6 37. h3 Ne7 38. b4 axb4 39. Rxb4 Ra2 40.
Kf3 Rf6+ 41. Rf4 Re6 42. h4 Ng6 43. Rff5 Ra1 44. h5 Rf1+ 45. Kg2 Rxf5 46. Rxf5
Ne5 47. Kh3 Nd3 48. Kg2 Nc1 49. Kf3 Nb3 50. Rf4 Nd2+ 51. Kg2 Rf6 52. Rxf6 gxf6
53. g4 Kg7 54. Kg3 Kf7 55. Kf4 Nc4 56. Ke4 Ke6 57. Kd4 Ne5 58. Kxe3 Nxg4+ 59.
Kf4 Ne5 60. e3 Nc4 61. e4 Nd6 0-1

[Event "40th Trust Open A-Grade"]
[Site "Waitakere, NZL NZL"]
[Date "2017.06.03"]
[Round "2"]
[White "Smith, Robert W"]
[Black "Guico, Leonides"]
[Result "1-0"]
[WhiteElo "2348"]
[BlackElo "2073"]
[PlyCount "87"]
[EventDate "2017.06.03"]

1. e4 d6 2. d4 c6 3. c4 Qc7 4. Nc3 e5 5. Be3 Nf6 6. f3 Be7 7. Bd3 Nbd7 8. Nge2
a6 9. a4 O-O 10. O-O Re8 11. a5 b5 12. axb6 Nxb6 13. d5 cxd5 14. Nxd5 Nfxd5 15.
cxd5 Rf8 16. Qd2 Bd8 17. Rfc1 Qe7 18. Rc6 Bb7 19. Rxb6 Bxb6 20. Bxb6 f5 21. Rc1
Rfc8 22. Rxc8+ Rxc8 23. exf5 Bxd5 24. Bxa6 Bb7 25. Bxb7 Qxb7 26. Qxd6 Qc6 27.
Qxc6 Rxc6 28. Ba5 Rc2 29. Kf2 Rxb2 30. Bc3 Rb5 31. Ke3 Kf7 32. Ke4 Kf6 33. f4
Kf7 34. fxe5 Rc5 35. e6+ Kg8 36. Bd4 Rc2 37. Kd3 Ra2 38. g4 Ra3+ 39. Nc3 Ra6
40. Ke4 g6 41. Ke5 gxf5 42. gxf5 Kf8 43. Bc5+ Ke8 44. f6 1-0

[Event "40th Trust Open A-Grade"]
[Site "Waitakere, NZL NZL"]
[Date "2017.06.03"]
[Round "2"]
[White "Gong, Daniel Hanwen"]
[Black "Sarmiento, Noel"]
[Result "1-0"]
[WhiteElo "2325"]
[BlackElo "1906"]
[PlyCount "109"]
[EventDate "2017.06.03"]

1. e4 g6 2. d4 Bg7 3. c4 d6 4. Nc3 Nf6 5. g3 O-O 6. Bg2 Nc6 7. Nge2 a6 8. O-O
e5 9. d5 Nb8 10. f4 exf4 11. gxf4 Nbd7 12. Ng3 Nb6 13. Qd3 Bg4 14. h3 Bd7 15.
Be3 Nc8 16. Rae1 Ne8 17. Bd4 Qh4 18. Bxg7 Nxg7 19. f5 f6 20. Nce2 Nh5 21. Nxh5
Qxh5 22. Nf4 Qh6 23. Re3 Ne7 24. Rg3 g5 25. Qc3 Kh8 26. Nd3 Rf7 27. c5 Bb5 28.
b4 Raf8 29. Rff3 Ng8 30. Nc1 Rg7 31. Nb3 Qh5 32. Nd4 Bd7 33. Ne6 Bxe6 34. fxe6
h6 35. Rf5 Qg6 36. h4 Ne7 37. h5 Qe8 38. Rxf6 Rxf6 39. Qxf6 Ng8 40. Qf3 Qe7 41.
Qc3 Kh7 42. e5 dxe5 43. Be4+ Kh8 44. Qxe5 Nf6 45. Bg6 g4 46. d6 cxd6 47. cxd6
Qd8 48. e7 Qb6+ 49. Qe3 Qxd6 50. e8=Q+ Nxe8 51. Qxe8+ Rg8 52. Qe3 Rxg6 53. hxg6
Qxg6 54. Qd4+ Kh7 55. Qd3 1-0

[Event "40th Trust Open A-Grade"]
[Site "Waitakere, NZL NZL"]
[Date "2017.06.03"]
[Round "2"]
[White "Runcan, Daniel-Ioan"]
[Black "Ker, Anthony F"]
[Result "0-1"]
[WhiteElo "1995"]
[BlackElo "2474"]
[PlyCount "122"]
[EventDate "2017.06.03"]

1. e4 c5 2. Nc3 g6 3. f4 Bg7 4. Nf3 Nc6 5. Bb5 a6 6. Bxc6 bxc6 7. O-O d5 8. d3
Bg4 9. h3 Bxc3 10. hxg4 Bg7 11. Qe1 Rb8 12. f5 Nf6 13. g5 Nd7 14. e5 e6 15. f6
Bf8 16. c4 Qc7 17. g4 h6 18. gxh6 g5 19. b3 Bxh6 20. Bd2 Nf8 21. Kg2 Ng6 22.
Rh1 Kd7 23. Rh2 Rbg8 24. Qe2 Nh4+ 25. Kf2 Rg6 26. Rah1 Rhg8 27. Nxh4 gxh4 28.
Bxh6 Rxh6 29. Rxh4 Rhg6 30. Rh7 Kc8 31. Rh8 Qd8 32. Rxg8 Qxg8 33. Rh4 Kb7 34.
Kf3 Kb6 35. Qh2 Rg5 36. Rh8 Qg6 37. Qh7 Rxg4 38. Qxg6 Rxg6 39. Kf4 Rg2 40. Rh7
Rxa2 41. Rxf7 Rf2+ 42. Ke3 Rf5 43. Re7 Rxe5+ 44. Kd2 d4 45. Re8 Rf5 46. Rxe6
Kc7 47. Re7+ Kd6 48. Rf7 Ke5 49. Ra7 $2 {49.Re7+! (49...Kxf6 50.Rc7+-; 49...
Kd6 50.Rf7=)} Rxf6 50. Rxa6 Rh6 51. Ra8 Rh2+ 52. Kc1 Kf4 53. Re8 Kf3 54. Re6 $2
{54.Kd1=} Re2 55. Rxc6 Ke3 56. Rxc5 Kxd3 57. Rh5 Kc3 58. Kd1 d3 59. c5 Rb2 60.
Ke1 Rb1+ 61. Kf2 d2 0-1

[Event "40th Trust Open A-Grade"]
[Site "Waitakere, NZL NZL"]
[Date "2017.06.03"]
[Round "2"]
[White "Macdonald, Paul"]
[Black "Milligan, Helen"]
[Result "0-1"]
[WhiteElo "2059"]
[BlackElo "2116"]
[PlyCount "58"]
[EventDate "2017.06.03"]

1. d4 Nf6 2. c4 g6 3. Nc3 Bg7 4. e4 d6 5. f4 O-O 6. Nf3 c5 7. d5 e6 8. Be2 exd5
9. cxd5 Bg4 10. O-O Nbd7 11. h3 Bxf3 12. Bxf3 Qa5 13. Be3 b5 14. a4 b4 15. Nb1
Rac8 16. Nd2 c4 17. Bd4 Nb6 18. Qe1 Rfe8 19. Qh4 Nbd7 20. Rfd1 c3 21. Nb3 Qa6
22. bxc3 bxc3 23. Rdc1 Nxe4 24. Bxe4 Rxe4 25. Bxg7 Kxg7 26. Qf2 Nf6 27. a5 Qb7
28. Rab1 Qxd5 29. Qxa7 Re2 0-1

[Event "40th Trust Open A-Grade"]
[Site "Waitakere, NZL NZL"]
[Date "2017.06.03"]
[Round "2"]
[White "Morrell, Gordon"]
[Black "Wright, Caleb"]
[Result "1/2-1/2"]
[WhiteElo "2178"]
[BlackElo "1942"]
[PlyCount "45"]
[EventDate "2017.06.03"]

1. d4 d5 2. c4 e6 3. Nc3 Nf6 4. cxd5 exd5 5. Bg5 Be7 6. e3 c6 7. Qc2 Nbd7 8.
Bd3 Nf8 9. Nf3 g6 10. h3 Ne6 11. Bh4 a6 12. O-O O-O 13. Rab1 c5 14. dxc5 Nxc5
15. Nd4 Be6 16. Rbd1 Rc8 17. Qe2 Nfd7 18. Bxe7 Qxe7 19. Bb1 Nb6 20. Nxe6 fxe6
21. e4 Qf7 22. a3 dxe4 23. Nxe4 1/2-1/2

[Event "40th Trust Open A-Grade"]
[Site "Waitakere, NZL NZL"]
[Date "2017.06.03"]
[Round "2"]
[White "Duneas, John"]
[Black "Nagorski, Alex"]
[Result "1/2-1/2"]
[WhiteElo "2164"]
[BlackElo "1924"]
[PlyCount "85"]
[EventDate "2017.06.03"]

1. d4 d5 2. c4 dxc4 3. Qa4+ Nc6 4. e3 e5 5. dxe5 Bb4+ 6. Bd2 Bxd2+ 7. Nxd2 Bd7
8. Qxc4 Nge7 9. f4 Nf5 10. Qe4 Qh4+ 11. g3 Qe7 12. Ngf3 Qc5 13. Kf2 Nce7 14.
Nd4 Qb4 15. Nc4 Nxd4 16. Qxd4 Nf5 17. Qc3 Qxc3 18. bxc3 Bc6 19. Bg2 Bxg2 20.
Kxg2 b5 21. Na3 a6 22. Kf3 O-O-O 23. Rhd1 Ne7 24. c4 b4 25. Nc2 c5 26. e4 Rxd1
27. Rxd1 Rd8 28. Rd6 a5 29. Ra6 Rd2 30. Ne1 Rxa2 31. Nd3 Ra3 32. Ke2 Ra2+ 33.
Kd1 a4 34. Nxc5 Ra1+ 35. Kc2 b3+ 36. Kb2 Ra2+ 37. Kc1 Ra1+ 38. Kb2 Ra2+ 39. Kb1
a3 40. Rb6 Rb2+ 41. Ka1 Ra2+ 42. Kb1 Rb2+ 43. Ka1 1/2-1/2

[Event "40th Trust Open A-Grade"]
[Site "Waitakere, NZL NZL"]
[Date "2017.06.03"]
[Round "2"]
[White "Shen, Terry"]
[Black "Krstev, Antonio"]
[Result "0-1"]
[WhiteElo "1892"]
[BlackElo "2056"]
[PlyCount "110"]
[EventDate "2017.06.03"]

1. d4 c5 2. c3 e6 3. Bf4 Qb6 4. b3 d5 5. e3 Nf6 6. Bd3 Nc6 7. Nf3 h6 8. O-O Be7
9. Nbd2 Bd7 10. h3 g5 11. Be5 Rg8 12. dxc5 Qxc5 13. b4 Qb6 14. a4 Nxe5 15. Nxe5
Qc7 16. Nxd7 Nxd7 17. Rc1 Ne5 18. Bb5+ Kf8 19. Qh5 Rg6 20. Nf3 Kg7 21. Nxe5
Qxe5 22. Qe2 Rc8 23. f4 gxf4 24. exf4 Qxe2 25. Bxe2 Rg3 26. Bf3 h5 27. Kf2 h4
28. Ke2 Kf6 29. Kd2 Bd6 30. Ke2 Bxf4 31. Bxd5 Ke5 32. Bxb7 Rc7 33. Bf3 Bxc1 34.
Rxc1 Rg8 35. c4 Kd4 36. c5 Rb8 37. Rb1 Kc3 38. Rc1+ Kb2 39. Rc4 Kb3 40. Rxh4
Rxb4 41. Rxb4+ Kxb4 42. c6 Kxa4 43. h4 Kb5 44. g4 f6 45. h5 Kc4 46. Ke3 a5 47.
h6 a4 48. Be4 a3 49. h7 Rc8 50. Bb1 Kb3 51. Kd4 Kb2 52. Kc5 Kxb1 53. Kd6 a2 54.
Kd7 Rh8 55. c7 Rxh7+ 0-1

[Event "40th Trust Open A-Grade"]
[Site "Waitakere, NZL NZL"]
[Date "2017.06.03"]
[Round "2"]
[White "Lim, Benjamin U"]
[Black "Mukkattu, Philip"]
[Result "1-0"]
[WhiteElo "2044"]
[BlackElo "1817"]
[PlyCount "149"]
[EventDate "2017.06.03"]

1. e4 c6 2. d3 d5 3. Nd2 dxe4 4. dxe4 g6 5. Bc4 e6 6. Ngf3 Bg7 7. O-O Nf6 8. a4
O-O 9. Qe2 Qc7 10. Nb3 Nbd7 11. Bg5 Ne5 12. Bf4 Nxf3+ 13. Qxf3 e5 14. Bg5 Bg4
15. Qe3 Rfe8 16. h3 Be6 17. Bd3 b6 18. Nd2 Nh5 19. Bc4 f6 20. Bxe6+ Rxe6 21.
Qb3 Qe7 22. Be3 Rd8 23. g3 f5 24. Nf3 Kh8 25. Ng5 Rf6 26. Rae1 h6 27. g4 f4 28.
Bc1 hxg5 29. Qf3 Bf8 30. gxh5 gxh5 31. Qxh5+ Rh6 32. Qf3 Qe6 33. Kg2 Rh4 34.
Rh1 Bc5 35. Rd1 Rg8 36. Qb3 Qh6 37. f3 Qf6 38. Qd3 Kh7 39. Qd7+ Rg7 40. Qe8 Qe7
41. Qxe7 Rxe7 42. Rd8 Kg6 43. Bd2 Rhh7 44. Bc3 Be3 45. Rhd1 Kf6 46. R1d6+ Re6
47. Rxe6+ Kxe6 48. Re8+ Kd6 49. Rxe5 c5 50. Rxg5 Bd4 51. Bxd4 cxd4 52. Rd5+ Kc6
53. Rxd4 Rg7+ 54. Kh2 Rg3 55. Rd3 a6 56. h4 b5 57. axb5+ axb5 58. e5 Kc5 59. e6
Rg6 60. e7 Re6 61. Rd7 Kc6 62. Rd4 Rxe7 63. Rxf4 Re2+ 64. Kg3 Rxc2 65. b4 Rc4
66. h5 Rc1 67. Rh4 Kd7 68. h6 Rc8 69. h7 Rh8 70. Kf4 Ke6 71. Kg5 Kf7 72. Kh6
Rd8 73. Rf4+ Ke6 74. Rg4 Kf6 75. Rg8 1-0

[Event "40th Trust Open A-Grade"]
[Site "Waitakere, NZL NZL"]
[Date "2017.06.03"]
[Round "2"]
[White "Qin, Nicole Shu Yu"]
[Black "Zhang, Jasmine Haomo"]
[Result "0-1"]
[WhiteElo "1763"]
[BlackElo "2029"]
[PlyCount "92"]
[EventDate "2017.06.03"]

1. d4 d5 2. c4 e6 3. Nc3 Nf6 4. Nf3 Be7 5. Bf4 a6 6. e3 Nbd7 7. Qc2 c5 8. Ne5
O-O 9. Bd3 dxc4 10. Nxc4 b5 11. Ne5 Bb7 12. O-O cxd4 13. exd4 Nb6 14. Rad1 Nbd5
15. Nxd5 Qxd5 16. Nf3 Qxa2 17. Ra1 Qd5 18. Rfe1 Rac8 19. Qb1 h6 20. Be5 Qd7 21.
Bxf6 Bxf6 22. Be4 Rfd8 23. Bxb7 Qxb7 24. Rd1 Qb6 25. Qa2 Bxd4 26. Rxd4 Rxd4 27.
Nxd4 Qxd4 28. Qxa6 Rc2 29. Rf1 Rxb2 30. Qa8+ Kh7 31. Qf3 Qf6 32. Qd3+ g6 33. g3
b4 34. h4 Kg7 35. Qc4 Qc3 36. Qf4 e5 37. Qe4 Rc2 38. Re1 b3 39. Re3 Qb2 40. Qd5
Rxf2 41. Rxb3 Qe2 42. Rb1 Rf3 43. Qc6 Rxg3+ 44. Kh1 Rh3+ 45. Kg1 Qh2+ 46. Kf1
Qh1+ 0-1

[Event "40th Trust Open A-Grade"]
[Site "Waitakere, NZL NZL"]
[Date "2017.06.04"]
[Round "3"]
[White "Smith, Robert W"]
[Black "Hague, Ben"]
[Result "1/2-1/2"]
[WhiteElo "2348"]
[BlackElo "2453"]
[PlyCount "69"]
[EventDate "2017.06.03"]

1. e4 c5 2. Nc3 Nc6 3. f4 g6 4. Nf3 Bg7 5. Bb5 Nd4 6. O-O a6 7. Bc4 b5 8. Bd5
Rb8 9. d3 e6 10. Bb3 Ne7 11. Nxd4 cxd4 12. Ne2 O-O 13. Qe1 d6 14. Qf2 Qb6 15.
Qh4 Rb7 16. Rf3 f5 17. Rh3 h6 18. Bd2 Qc5 19. Ng3 Kh7 20. exf5 exf5 21. Re1 Nd5
22. Nf1 Nf6 23. Rf3 Rc7 24. h3 Bb7 25. Rf2 Qc6 26. Rfe2 Re7 27. Qf2 Rxe2 28.
Rxe2 Re8 29. Nh2 Rxe2 30. Qxe2 Nd7 31. Nf3 Nc5 32. Be1 Nxb3 33. axb3 Qc5 34. b4
Qc7 35. Nh2 1/2-1/2

[Event "40th Trust Open A-Grade"]
[Site "Waitakere, NZL NZL"]
[Date "2017.06.04"]
[Round "3"]
[White "Gong, Daniel Hanwen"]
[Black "Dive, Russell J"]
[Result "0-1"]
[WhiteElo "2325"]
[BlackElo "2426"]
[PlyCount "108"]
[EventDate "2017.06.03"]

1. e4 e5 2. Nf3 Nf6 3. Nxe5 d6 4. Nf3 Nxe4 5. Nc3 Nxc3 6. dxc3 Be7 7. Bf4 Nd7
8. Qd2 Nc5 9. O-O-O O-O 10. h4 c6 11. Bd3 d5 12. Qe2 Bd6 13. Be3 Nxd3+ 14. Qxd3
Qf6 15. Rdg1 Re8 16. Ng5 Bf5 17. Qd2 b5 18. Bd4 Be5 19. g4 Bd7 20. Bxe5 Qxe5
21. Qd3 f5 22. gxf5 Bxf5 23. Qd2 Qe2 24. Rg3 Re7 25. Nf3 Qxd2+ 26. Kxd2 Be4 27.
Rhg1 Rf8 28. Nd4 Rxf2+ 29. Kd1 c5 30. Nxb5 Bxc2+ 31. Kc1 Bg6 32. Na3 Rh2 33.
Rg5 Be4 34. h5 h6 35. R5g4 Rxh5 36. c4 Bf5 37. Rf4 d4 38. Nb5 Re2 39. Nd6 Rc2+
40. Kd1 Rxb2 41. Rxg7+ Kxg7 42. Nxf5+ Kh7 43. Ng3 Rg5 44. Rf3 Rxa2 45. Ke1 Re5+
46. Kd1 Kg6 47. Nf1 Rf5 48. Rg3+ Kf6 49. Nd2 Rh5 50. Rg2 Ra1+ 51. Ke2 Re5+ 52.
Kd3 Re3+ 53. Kc2 Ra2+ 54. Kd1 Rd3 0-1

[Event "40th Trust Open A-Grade"]
[Site "Waitakere, NZL NZL"]
[Date "2017.06.04"]
[Round "3"]
[White "McLaren, Leonard J"]
[Black "Milligan, Helen"]
[Result "1-0"]
[WhiteElo "2348"]
[BlackElo "2116"]
[PlyCount "123"]
[EventDate "2017.06.03"]

1. e4 e6 2. d4 d5 3. Nc3 Bb4 4. Nge2 Nf6 5. e5 Nfd7 6. a3 Be7 7. f4 c5 8. Be3
Nc6 9. Qd2 a6 10. g3 b5 11. Bh3 cxd4 12. Nxd4 Nxd4 13. Bxd4 Nb6 14. Qf2 Nc4 15.
Ne2 Qa5+ 16. b4 Qc7 17. O-O O-O 18. Nc1 f6 19. Nd3 f5 20. Bc5 Rf7 21. a4 bxa4
22. Rxa4 Bd7 23. Ra2 Bb5 24. Rfa1 Qc6 25. Bf1 Rc8 26. Bxe7 Rxe7 27. Nc5 Ra8 28.
Qd4 Rc7 29. c3 Raa7 30. Be2 g6 31. Bf3 Kf8 32. Be2 Ke7 33. Bxc4 Bxc4 34. Ra5
Bb5 35. Kf2 Kf7 36. R1a3 Ke7 37. Qd1 Qb6 38. g4 Rxc5 39. bxc5 Qxc5+ 40. Qd4 Rc7
41. Qxc5+ Rxc5 42. gxf5 exf5 43. Rb3 Rc4 44. Kf3 Ke6 45. Ra1 Re4 46. Rb4 Be2+
47. Kg2 Bb5 48. Rxe4 fxe4 49. Kf2 g5 50. fxg5 Kxe5 51. Ke3 Kf5 52. Rg1 Bc4 53.
h4 a5 54. h5 a4 55. g6 hxg6 56. hxg6 d4+ 57. Kxd4 Bg8 58. g7 a3 59. c4 a2 60.
Ra1 e3 61. Rxa2 Kf6 62. Rg2 1-0

[Event "40th Trust Open A-Grade"]
[Site "Waitakere, NZL NZL"]
[Date "2017.06.04"]
[Round "3"]
[White "Steadman, Michael V R"]
[Black "Krstev, Antonio"]
[Result "0-1"]
[WhiteElo "2309"]
[BlackElo "2056"]
[PlyCount "70"]
[EventDate "2017.06.03"]

1. b4 d5 2. Bb2 Nf6 3. e3 a5 4. bxa5 c5 5. Nf3 Nc6 6. Bb5 Rxa5 7. c4 Bg4 8. h3
Bd7 9. Bc3 Ra7 10. O-O e6 11. d4 cxd4 12. Nxd4 Bd6 13. cxd5 exd5 14. Bd3 O-O
15. Nb5 Bb8 16. Nxa7 Bxa7 17. Na3 Bb8 18. Rc1 Qc7 19. g3 Qd6 20. Bxf6 Qxf6 21.
Kg2 Ne5 22. Nc2 Rc8 23. Qe2 Rc3 24. Nb4 Nxd3 25. Nxd3 g6 26. Qb2 d4 27. Rxc3
dxc3 28. Qe2 Bc6+ 29. e4 Qd4 30. f3 Bb5 31. Rd1 Qc4 32. Nc1 Qxe2+ 33. Nxe2 Bxe2
34. Rd8+ Kg7 35. Rxb8 Bc4 0-1